| 000 | 01004nam a2200277 i 4500 | ||
|---|---|---|---|
| 001 | 000047653 | ||
| 003 | DO-SdBNP | ||
| 005 | 20260204083255.0 | ||
| 007 | ta | ||
| 008 | 180713s2016 dr a r 000 0 spa d | ||
| 040 |
_aDO-SdBNP _bspa _cBNPHU _erda |
||
| 041 | _aspa | ||
| 082 | 4 |
_aRD862.5 _bF418m _222 |
|
| 111 | 2 |
_aFestival Internacional de Teatro _n2 : _d(2017 Nov. 15-25 : _cSanto Domingo, República Dominicana ) _975264 |
|
| 245 | 1 | 0 |
_aFestival internacional de treatro : _bmujeres sobre las tablas. |
| 260 |
_aSanto Domingo : _bFundación absoluto Teatro, _c2017. |
||
| 300 |
_a12 páginas : _bilustraciones ; _c22 cm. |
||
| 336 |
_atexto _btxt _2rdacontent |
||
| 337 |
_asin mediación _bn _2rdamedia |
||
| 338 |
_avolumen _bnc _2rdacarrier |
||
| 500 | _aEn conmemoración del 25 de noviembre: Día Internacional de la No Violencia Contra la Mujer. País invitado: El Salvador | ||
| 590 | _aInventariado, 2019/BT | ||
| 650 | 4 |
_aTeatro dominicano _9637 |
|
| 910 | _aBtavárez | ||
| 942 |
_2ddc _cLF2 |
||
| 999 |
_c47141 _d47141 |
||